000 00555nam a2200229 a 4500
003 AR-BaBNM
005 20251128203542.0
008 082120s2002 ||||||||||||||000 | spa||
040 _cAR-BaBNM
100 1 _aTorre, Dora de la
245 0 0 _aSe viene la mufa roja
260 _aBuenos Aires
_b[s.n.]
_c1982
300 _a139 p.
650 4 _aLITERATURA ARGENTINA
650 4 _aNOVELAS
650 4 _aESCRITORES
650 4 _aLITERATURA CONTEMPORANEA
650 4 _aLITERATURA DE FICCION
655 _aLITERATURA
942 _cBK
998 _cMARTIN
999 _c3903
_d3903